000 nam a22 7a 4500
999 _c10004
_d10004
008 180209b ||||| |||| 00| 0 eng d
100 _aGupta,S.K.etal.
_96043
245 _aABC of Physics-XII
260 _aNew delhi
_bModern
_c2012